Nations : (Record no. 8221)

MARC details
000 -LEADER
fixed length control field 00599nam a22002052 4500
001 - CONTROL NUMBER
control field 0000012194
005 - DATE AND TIME OF LATEST TRANSACTION
control field 20151217152109.0
008 - FIXED-LENGTH DATA ELEMENTS--GENERAL INFORMATION
fixed length control field 090213s xx 000 0 eng d
020 ## - INTERNATIONAL STANDARD BOOK NUMBER
International Standard Book Number 1871869080 :
040 ## - CATALOGING SOURCE
Original cataloging agency KABU
Transcribing agency KABU
245 10 - TITLE STATEMENT
Title Nations :
Remainder of title a survey of the twentieth century /
Statement of responsibility, etc. edited by Jack Spence.
250 ## - EDITION STATEMENT
Edition statement 1st ed.
260 ## - PUBLICATION, DISTRIBUTION, ETC. (IMPRINT)
Place of publication, distribution, etc. Abingdon, England :
Name of publisher, distributor, etc. Andromeda,
Date of publication, distribution, etc. 1992.
300 ## - PHYSICAL DESCRIPTION
Extent 256 p.
650 #0 - SUBJECT ADDED ENTRY--TOPICAL TERM
Topical term or geographic name as entry element World history.
-- 0000152969
700 1# - ADDED ENTRY--PERSONAL NAME
Personal name Spence, Jack.
-- 0000168445
852 1# - LOCATION
-- p4537 KES
908 ## - PUT COMMAND PARAMETER (RLIN)
Put command parameter 090213
950 ## - LOCAL HOLDINGS (RLIN)
-- 1
Holdings
Withdrawn status Lost status Source of classification or shelving scheme Not for loan Home library Current library Date acquired Total Checkouts Full call number Barcode Date last seen Price effective from Koha item type
    Library of Congress Classification   Kabarak, Main Campus Kabarak, Main Campus 17/12/2015   D20 .N38 1992 c. 1 16353 17/12/2015 17/12/2015 General Collection
Designed with assistance from East African Informatics Ltd